|
|
|
|
| LEADER |
00000nam0a2200000 4500 |
| 001 |
144488 |
| 005 |
20231031143721.0 |
| 010 |
|
|
|a 9789856591559
|
| 035 |
|
|
|a (RuTPU)RU\TPU\book\156582
|
| 035 |
|
|
|a RU\TPU\book\91045
|
| 090 |
|
|
|a 144488
|
| 100 |
|
|
|a 20051102d2008 m y0rusy50 ca
|
| 101 |
0 |
|
|a rus
|
| 102 |
|
|
|a BY
|
| 105 |
|
|
|a a j 001zy
|
| 200 |
1 |
|
|a Основы технологии автоматизированного производства в машиностроении
|e учебное пособие для вузов
|f Ж. А. Мрочек, А. А. Жолобов, Л. М. Акулович
|
| 210 |
|
|
|a Минск
|c Техноперспектива
|d 2008
|
| 215 |
|
|
|a 304 с.
|c ил.
|
| 320 |
|
|
|a Библиогр.: с. 301-303.
|
| 330 |
|
|
|a Пособие подготовлено в соответствии с учебной программой дисциплины «Технология автоматизированного производства». Изложены задачи и методология проектирования прогрессивных технологических процессов механической обработки заготовок деталей, сборки машин и направления их автоматизации. Предложены методики проектирования технологических систем при освоении новых изделий, реконструкции и создании новых производств. Первое издание книги было осуществлено в 2003 г. Рекомендуется для студентов машиностроительных специальностей вузов, учащихся техникумов и колледжей, инженерно-технических работников, аспирантов и научных работников.
|
| 451 |
|
1 |
|0 (RuTPU)RU\TPU\book\91045
|y 985-464-426-X
|t Основы технологии автоматизированного производства в машиностроении
|o учебное пособие
|f Ж. А. Мрочек, А. А. Жолобов, Л. М. Акулович
|c Минск
|n Технопринт
|d 2003
|p 304 с.
|a Мрочек, Жорж Адамович
|
| 610 |
1 |
|
|a машиностроение
|
| 610 |
1 |
|
|a детали
|
| 610 |
1 |
|
|a заготовки
|
| 610 |
1 |
|
|a механическая обработка
|
| 610 |
1 |
|
|a технологические операции
|
| 610 |
1 |
|
|a автоматизация
|
| 610 |
1 |
|
|a изделия
|
| 610 |
1 |
|
|a производство
|
| 610 |
1 |
|
|a техническая документация
|
| 610 |
1 |
|
|a станки с ЧПУ
|
| 610 |
1 |
|
|a машины
|
| 610 |
1 |
|
|a сборка
|
| 610 |
1 |
|
|a сборочные процессы
|
| 610 |
1 |
|
|a новые изделия
|
| 610 |
1 |
|
|a учебные пособия
|
| 675 |
|
|
|a 621.002:65.011.56(075.8)
|v 3
|
| 700 |
|
1 |
|a Мрочек
|b Ж. А.
|g Жорж Адамович
|
| 701 |
|
1 |
|a Жолобов
|b А. А.
|g Александр Алексеевич
|
| 701 |
|
1 |
|a Акулович
|b Л. М.
|g Леонид Михайлович
|
| 801 |
|
1 |
|a RU
|b 63413507
|c 20081003
|g PSBO
|
| 801 |
|
2 |
|a RU
|b 63413507
|c 20100504
|g PSBO
|
| 900 |
|
|
|a Основы технологии машиностроения
|
| 900 |
|
|
|a Автоматизация машиностроительного производства
|
| 900 |
|
|
|a Автоматизация процессов машиностроения
|
| 900 |
|
|
|a Автоматическое управление процессами и системами
|
| 900 |
|
|
|a Системы автоматизированного проектирования технологических процессов
|
| 900 |
|
|
|a Технология автоматизированного производства
|
| 900 |
|
|
|a Технология автоматизированного машиностроения и приборостроения
|
| 942 |
|
|
|c BK
|
| 953 |
|
|
|b 151001
|b 150900
|
| 959 |
|
|
|a 86/20081002
|d 1
|e 1056,00
|f ЧЗТЛ:1
|